01275nam a2200157 a 4500008004100000020001800041041000800059100002000067245004200087250001100129260003000140300002100170500007400191505084100265655001101106161215t2013 ag |||g ||| 001 p spa d a9789876041959 aspa1 aSarachu, Sergio aPuert@s Suspensiv@s /cSergio Sarachu a1a ed. aNeuquén:bEDUCO;c2013. a74 p.c21x15 cm. aSarachu, S. (2013). Puert@s suspensiv@s. (1a ed.). Neuquén : EDUCO. aSergio Sarachu, poeta, periodista y restaurador de muebles antiguos, nació en Olavarría y desde 1974 -con algunas intermitencias- reside en Neuquén. Pertenece al grupo de escritores patagónicos que en los finales de la dictadura irrumpió en la literatura nacional con una poesía comprometida y de ruptura. De esa generación literaria que giró en torno a la revista Coirón -fue su Jefe de Redacción- y del Centro de Escritores Patagónicos. Sarachu es el único que aún permanecía inédito. Durante estos años fue premiado en varias oportunidades e incluido en publicaciones y antologías. En su poema Tarea nos dice: "el poeta restaura una emoción que está en el otro. Se hace poesía, polvo, árbol, denuncia, silencio en suspensión. Hasta que llega otr@ puert@...otr@ poeta, a seguir la tarea..." aPoesia